00342nam a22001097a 4500008004100000040005500041080002300096245005800119260003100177300001400208650001000222230410b |||||||| |||| 00| 0 eng d aNational Science LibrarycNational Science Library a338:382.6(612)bL5 aRegional transport survey of Jammu & Kashmirc/ NCAER aNew Delhi: bNCAER, c1975 axi, 220p. aIndia